[Event "C.to Italiano U16"]
[Site "Arvier ITA"]
[Date "2003.07.05"]
[Round "7"]
[White "Fossati, Remigio"]
[Black "Santagati, Alessandro"]
[Result "1-0"]
[WhiteElo "2201"]
[BlackElo "2184"]
[PlyCount "65"]
[EventDate "2003.07.01"]

1. e4 c5 2. Nf3 d6 3. d4 cxd4 4. Nxd4 Nf6 5. Nc3 a6 6. Be2 e6 7. O-O Be7 8. f4
O-O 9. Kh1 Nc6 10. Be3 Bd7 11. Qe1 b5 12. a3 Na5 13. e5 Ne8 14. Rd1 Qc7 15. Nf5
Bc6 16. Nxe7+ Qxe7 17. Qg3 f5 18. exd6 Nxd6 19. Bc5 Nab7 20. Bd4 Ne4 21. Nxe4
Bxe4 22. c4 Bc6 23. b4 Rf7 24. Rc1 Qe8 25. Be5 a5 26. Qb3 Rd8 27. cxb5 Bxb5 28.
Bxb5 Qxb5 29. Qxe6 axb4 30. axb4 Qxb4 31. Rc7 Rdf8 32. Rd1 Nc5 33. Qxf7+ 1-0

[Event "C.to Italiano U16"]
[Site "Arvier ITA"]
[Date "2003.07.05"]
[Round "7"]
[White "Navarro, Stefano"]
[Black "Bove, Alessandro"]
[Result "0-1"]
[WhiteElo "2125"]
[BlackElo "2129"]
[PlyCount "76"]
[EventDate "2003.07.01"]

1. e4 e5 2. Nf3 d6 3. d4 Bg4 4. dxe5 Nd7 5. exd6 Bxd6 6. Be2 Qe7 7. Nc3 Ngf6 8.
Nd4 Bc5 9. f3 O-O-O 10. fxg4 Nb6 11. Be3 Nxe4 12. Qd3 Rhe8 13. Nf5 Qf6 14. Nxe4
Qxb2 15. Qxd8+ Rxd8 16. O-O Bxe3+ 17. Nxe3 Qd4 18. Bd3 Qxe3+ 19. Kh1 f6 20.
Rae1 Qd4 21. Ng3 Kb8 22. Re4 Qb2 23. a4 a6 24. Re7 Nd5 25. Rxg7 Ne3 26. Rg1 f5
27. Rxh7 Nxg4 28. Rf1 Ne3 29. Rg1 f4 30. Nh5 Qd4 31. Ng7 Ng4 32. h3 Nf2+ 33.
Kh2 Rg8 34. Nf5 Qe5 35. Re7 Qf6 36. Bc4 Rh8 37. Rf7 Qe5 38. h4 Qxf5 0-1

[Event "C.to Italiano U16"]
[Site "Arvier ITA"]
[Date "2003.07.05"]
[Round "7"]
[White "Pagan, Nicolo'"]
[Black "Armentano, Alessio"]
[Result "0-1"]
[WhiteElo "1600"]
[BlackElo "1768"]
[PlyCount "54"]
[EventDate "2003.07.01"]

1. d4 f5 2. c4 Nf6 3. Nc3 g6 4. Bg5 Bg7 5. f3 c6 6. e4 d6 7. Bd3 fxe4 8. Bxe4
Qb6 9. Nge2 Qxb2 10. Rb1 Qa3 11. O-O Qa5 12. Qc2 Qxg5 13. f4 Qh6 14. h3 Nbd7
15. Rbe1 O-O 16. Rf3 Nxe4 17. Qxe4 e5 18. Ref1 Nf6 19. Qd3 Bf5 20. Qe3 exf4 21.
Rxf4 Nh5 22. R4f3 Qxe3+ 23. Rxe3 Rae8 24. Rxe8 Rxe8 25. g4 Bd3 26. gxh5 Bxe2
27. Re1 Bxd4+ 0-1

[Event "C.to Italiano U16"]
[Site "Arvier ITA"]
[Date "2003.07.05"]
[Round "7"]
[White "Vecchi, Eugenio"]
[Black "Frilli, Guido"]
[Result "1/2-1/2"]
[WhiteElo "1798"]
[BlackElo "2071"]
[PlyCount "38"]
[EventDate "2003.07.01"]

1. c4 e5 2. Nc3 Nc6 3. Nf3 f5 4. d3 Nf6 5. g3 g6 6. Bg2 Bg7 7. O-O d6 8. e4 O-O
9. Nh4 f4 10. Nd5 Nd4 11. Nf3 Nxf3+ 12. Bxf3 g5 13. Nxf6+ Qxf6 14. Bg4 f3 15.
Bxc8 Raxc8 16. h3 Qh6 17. Kh2 Qh5 18. g4 Qh4 19. Be3 Rf6 1/2-1/2

[Event "C.to Italiano U16"]
[Site "Arvier ITA"]
[Date "2003.07.06"]
[Round "8"]
[White "Bove, Alessandro"]
[Black "Frilli, Guido"]
[Result "1/2-1/2"]
[WhiteElo "2129"]
[BlackElo "2071"]
[PlyCount "70"]
[EventDate "2003.07.01"]

1. e4 c5 2. b4 cxb4 3. a3 d5 4. e5 Nc6 5. d4 Qb6 6. Be3 Bf5 7. Bd3 Bxd3 8. Qxd3
e6 9. Ne2 Nge7 10. O-O Nf5 11. Nd2 bxa3 12. c4 Nb4 13. Qxa3 dxc4 14. Nxc4 Qc7
15. Rfc1 Nc6 16. Qd3 Rd8 17. Qe4 Be7 18. Na5 Nxe3 19. fxe3 Rc8 20. Qb1 Rb8 21.
Qb5 a6 22. Qc4 Bg5 23. Nf4 O-O 24. Nxc6 bxc6 25. Qxc6 Qxc6 26. Rxc6 Bxf4 27.
exf4 Rfd8 28. Ra4 a5 29. Ra6 g6 30. R6xa5 Rb1+ 31. Kf2 Rb2+ 32. Kf3 Rd2 33. Ra8
R2xd4 34. Ke3 Rxa4 35. Rxd8+ Kg7 1/2-1/2